| 000 | 00512nam a22001817a 4500 | ||
|---|---|---|---|
| 003 | NUST - PNEC | ||
| 005 | 20170116180804.0 | ||
| 008 | 150421b xxu||||| |||| 00| 0 eng d | ||
| 020 | _a088410947X | ||
| 040 | _cLIBRARY | ||
| 082 | _a338.436 JOH | ||
| 100 |
_92862 _a Tirman, John |
||
| 245 |
_aThe Militarization of High Technology: _cThe Militarization of High Technology: |
||
| 260 |
_aNewYork _bBallinger Pub Co _cc1984. |
||
| 300 | _a247p. : | ||
| 650 |
_92864 _aUnited States _xGeneral |
||
| 942 |
_2ddc _cBK |
||
| 999 |
_c63132 _d63132 |
||